Investice realizované podniky transformačních zemí v zahraničí

Gespeichert in:
Bibliographische Detailangaben
1. Verfasser: Sereghyová, Jana
Körperschaft: Institut integrace ČR do evropské a světové ekonomiky Vysoké školy ekonomické v Praze
Format: Buch
Sprache:Tschechisch
Veröffentlicht: Praha Professional Publishing 2004
Schlagworte:
Tags: Tag hinzufügen
Keine Tags, Fügen Sie das erste Tag hinzu!

MARC

LEADER 00000nam$a2200000$$$4500
001 0027267
005 20220928101156.8
020 |a 80-86419-65-7 
041 0 |a cze 
044 |a CZ 
245 1 0 |a Investice realizované podniky transformačních zemí v zahraničí  |c Jana Sereghyová 
264 1 |a Praha  |b Professional Publishing  |c 2004 
300 |a 70 s. 
610 2 0 |a investície zahraničné 
610 2 0 |a investície priame zahraničné 
610 2 0 |a krajiny tranzitívne 
610 2 0 |a korporácie transnacionálne 
610 2 0 |a podnik multinacionálny 
610 2 0 |a Európa 
610 2 0 |a SVE 
100 1 |a Sereghyová, Jana 
710 2 |a Institut integrace ČR do evropské a světové ekonomiky Vysoké školy ekonomické v Praze